00702 2200241 4500001002100000005001700021008004100038035002400079040001200103082001200115090001900127100002000146245011600166260003900282300002800321500001100349650002400360700001200384700002200396850001200418990001500430990001500445YOGYA-0209000001816320090227022834.0 ind  0010-020900000018163 aYOPDYOG a616.042 a616.042bEme D aEMERY, Alan E.H aDasar-dasar genetika kedokterancoleh, Alan E.H. Emery ; penterjemah, Hartono ; editor, Soemiati Ahmad Muhammad aYogyakartabEssentina Medicac1992 ax, 261 hlmbilusc21 cm aIndeks aGenetika kedokteran aHartono aMuhammad, Sumiati aYOPDYOG a95P0075359 a75359-P/95